| 000 | 01009nam a22002417a 4500 | ||
|---|---|---|---|
| 999 |
_c6675 _d6675 |
||
| 003 | AR-CdUCM | ||
| 008 | 190319b ||||| |||| 00| 0 spa d | ||
| 040 |
_aMUNICIPALIDAD PROVINCIAL DEL CUSCO _cBIBLIOTECA MUNICIPAL DEL CUSCO |
||
| 082 |
_a541 / _bB81 |
||
| 100 |
_aBradley, R, S. _918782 |
||
| 245 | _aLa química de alta presión / | ||
| 260 |
_aMadrid : _bAlhambra, _c1967. |
||
| 300 |
_a201 paginas ; _bDiagramas, formulas, _c20 cm. |
||
| 440 |
_aColección Exedra -ciencia técnica - ingeniería _n13 _918783 |
||
| 505 | _aProducción y medida de presiones altas -- Efecto de la presión sobre los gases, líquidos y sólidos -- Efecto de la presión sobre las reacciones químicas y equilibrios -- Síntesis y reacciones de minerales a presiones altas... | ||
| 650 |
_aQuímica _94512 |
||
| 650 |
_aPresión _918784 |
||
| 650 |
_aReacciones químicas _918785 |
||
| 700 |
_aMunro, D. C. _918786 |
||
| 700 |
_aFérnandez Gonzáles, Franco (Traductor) _918787 |
||
| 942 |
_2ddc _cLIBROS |
||
| 945 | _awnts | ||